| 000 | 00797nam a2200241Ia 4500 | ||
|---|---|---|---|
| 003 | OSt | ||
| 005 | 20220918173117.0 | ||
| 006 | a|||||r|||| 00| 0 | ||
| 007 | ta | ||
| 008 | 220917b |||||||| |||| 00| 0 eng d | ||
| 024 | _a5,037 | ||
| 037 | _cTextual | ||
| 040 |
_aARTS _cARTS _beng |
||
| 041 |
_2eng _aeng |
||
| 082 | _a20bX:8z7, K8 | ||
| 100 |
_aBakewell K G B. ed _944970 |
||
| 245 | 0 |
_aLibrary and information services for management _b Papers presented at a short course held at the school of librarianship and information work at liverpool college of commerce in December 1967 |
|
| 260 |
_aLondon _bClive Bingley _c1968 |
||
| 300 |
_a130p _ccm. |
||
| 650 | _aLIBRARY SCIENCE | ||
| 942 |
_h20bX:8z7, K8 _cTEXL _2CC |
||
| 999 |
_c147223 _d147223 |
||